000 00361nam a2200133Ia 4500
008 100328s9999 xx 000 0 und d
082 _b32803
100 _aनाईक गुरुनाथ.
245 _aकबरस्थान.
260 _bपूजा.
630 _aकबरस्थान.
730 _aकबरस्थान.
942 _cBOOK
999 _c523488
_d523485